<?xml version="1.0" encoding="UTF-8"?>
<record
    xmlns:xsi="http://www.w3.org/2001/XMLSchema-instance"
    xsi:schemaLocation="http://www.loc.gov/MARC21/slim http://www.loc.gov/standards/marcxml/schema/MARC21slim.xsd"
    xmlns="http://www.loc.gov/MARC21/slim">

  <leader>02674nam a22003017a 4500</leader>
  <controlfield tag="003">NALT</controlfield>
  <controlfield tag="005">20240629180842.0</controlfield>
  <controlfield tag="008">240224b        th ||||| |||| 00| 0 tha d</controlfield>
  <datafield tag="020" ind1=" " ind2=" ">
    <subfield code="a">9786164880269</subfield>
  </datafield>
  <datafield tag="040" ind1=" " ind2=" ">
    <subfield code="a">NALT</subfield>
  </datafield>
  <datafield tag="041" ind1=" " ind2=" ">
    <subfield code="a">tha</subfield>
  </datafield>
  <datafield tag="090" ind1=" " ind2=" ">
    <subfield code="a">KO 24</subfield>
    <subfield code="b">&#xE01;675&#xE1B; 2562</subfield>
  </datafield>
  <datafield tag="100" ind1="0" ind2=" ">
    <subfield code="9">20158</subfield>
    <subfield code="a">&#xE01;&#xE34;&#xE15;&#xE15;&#xE34;&#xE28;&#xE31;&#xE01;&#xE14;&#xE34;&#xE4C; &#xE1B;&#xE23;&#xE01;&#xE15;&#xE34;</subfield>
  </datafield>
  <datafield tag="245" ind1="1" ind2="0">
    <subfield code="a">&#xE1B;&#xE31;&#xE0D;&#xE2B;&#xE32;&#xE40;&#xE02;&#xE15;&#xE2D;&#xE33;&#xE19;&#xE32;&#xE08;&#xE28;&#xE32;&#xE25;&#xE43;&#xE19;&#xE04;&#xE14;&#xE35;&#xE1E;&#xE34;&#xE1E;&#xE32;&#xE17;&#xE40;&#xE01;&#xE35;&#xE48;&#xE22;&#xE27;&#xE01;&#xE31;&#xE1A;&#xE01;&#xE32;&#xE23;&#xE43;&#xE0A;&#xE49;&#xE2D;&#xE33;&#xE19;&#xE32;&#xE08;&#xE2B;&#xE23;&#xE37;&#xE2D;&#xE01;&#xE32;&#xE23;&#xE14;&#xE33;&#xE40;&#xE19;&#xE34;&#xE19;&#xE01;&#xE32;&#xE23;&#xE17;&#xE32;&#xE07;&#xE1B;&#xE01;&#xE04;&#xE23;&#xE2D;&#xE07;&#xE43;&#xE19;&#xE40;&#xE23;&#xE37;&#xE48;&#xE2D;&#xE07;&#xE2A;&#xE34;&#xE17;&#xE18;&#xE34;&#xE43;&#xE19;&#xE17;&#xE35;&#xE48;&#xE14;&#xE34;&#xE19; /</subfield>
    <subfield code="c">&#xE01;&#xE34;&#xE15;&#xE15;&#xE34;&#xE28;&#xE31;&#xE01;&#xE14;&#xE34;&#xE4C; &#xE1B;&#xE23;&#xE01;&#xE15;&#xE34; &#xE41;&#xE25;&#xE30;&#xE2A;&#xE21;&#xE40;&#xE01;&#xE35;&#xE22;&#xE23;&#xE15;&#xE34; &#xE27;&#xE23;&#xE1B;&#xE31;&#xE0D;&#xE0D;&#xE32;&#xE2D;&#xE19;&#xE31;&#xE19;&#xE15;&#xE4C;, &#xE1C;&#xE39;&#xE49;&#xE27;&#xE34;&#xE08;&#xE31;&#xE22; : &#xE04;&#xE13;&#xE30;&#xE19;&#xE34;&#xE15;&#xE34;&#xE28;&#xE32;&#xE2A;&#xE15;&#xE23;&#xE4C; &#xE21;&#xE2B;&#xE32;&#xE27;&#xE34;&#xE17;&#xE22;&#xE32;&#xE25;&#xE31;&#xE22;&#xE18;&#xE23;&#xE23;&#xE21;&#xE28;&#xE32;&#xE2A;&#xE15;&#xE23;&#xE4C;.</subfield>
  </datafield>
  <datafield tag="250" ind1=" " ind2=" ">
    <subfield code="a">&#xE1E;&#xE34;&#xE21;&#xE1E;&#xE4C;&#xE04;&#xE23;&#xE31;&#xE49;&#xE07;&#xE17;&#xE35;&#xE48; 1.</subfield>
  </datafield>
  <datafield tag="260" ind1=" " ind2=" ">
    <subfield code="a">&#xE01;&#xE23;&#xE38;&#xE07;&#xE40;&#xE17;&#xE1E;&#xE2F; :</subfield>
    <subfield code="b">&#xE42;&#xE23;&#xE07;&#xE1E;&#xE34;&#xE21;&#xE1E;&#xE4C;&#xE40;&#xE14;&#xE37;&#xE2D;&#xE19;&#xE15;&#xE38;&#xE25;&#xE32;,</subfield>
    <subfield code="c">2562.</subfield>
  </datafield>
  <datafield tag="300" ind1=" " ind2=" ">
    <subfield code="a">&#xE01;-&#xE10;, 438 &#xE2B;&#xE19;&#xE49;&#xE32; ;</subfield>
    <subfield code="c">30 &#xE0B;&#xE21;.</subfield>
  </datafield>
  <datafield tag="505" ind1="1" ind2=" ">
    <subfield code="a">&#xE1A;&#xE17;&#xE17;&#xE35;&#xE48; 1 &#xE1A;&#xE17;&#xE19;&#xE33; -- &#xE1A;&#xE17;&#xE17;&#xE35;&#xE48; 2 &#xE1B;&#xE31;&#xE0D;&#xE2B;&#xE32;&#xE41;&#xE22;&#xE01;&#xE40;&#xE02;&#xE15;&#xE2D;&#xE33;&#xE19;&#xE32;&#xE08;&#xE28;&#xE32;&#xE25;&#xE43;&#xE19;&#xE23;&#xE30;&#xE1A;&#xE1A;&#xE01;&#xE0E;&#xE2B;&#xE21;&#xE32;&#xE22;&#xE15;&#xE48;&#xE32;&#xE07;&#xE1B;&#xE23;&#xE30;&#xE40;&#xE17;&#xE28; -- &#xE1A;&#xE17;&#xE17;&#xE35;&#xE48; 3 &#xE1B;&#xE31;&#xE0D;&#xE2B;&#xE32;&#xE2D;&#xE33;&#xE19;&#xE32;&#xE08;&#xE28;&#xE32;&#xE25;&#xE43;&#xE19;&#xE04;&#xE14;&#xE35;&#xE1E;&#xE34;&#xE1E;&#xE32;&#xE17;&#xE40;&#xE01;&#xE35;&#xE48;&#xE22;&#xE27;&#xE01;&#xE31;&#xE1A;&#xE01;&#xE32;&#xE23;&#xE43;&#xE0A;&#xE49;&#xE2D;&#xE33;&#xE32;&#xE19;&#xE32;&#xE08;&#xE2B;&#xE23;&#xE37;&#xE2D;&#xE01;&#xE32;&#xE23;&#xE14;&#xE33;&#xE40;&#xE19;&#xE34;&#xE19;&#xE01;&#xE32;&#xE23;&#xE17;&#xE32;&#xE07;&#xE1B;&#xE01;&#xE04;&#xE23;&#xE2D;&#xE07;&#xE43;&#xE19;&#xE04;&#xE14;&#xE35;&#xE40;&#xE01;&#xE35;&#xE48;&#xE22;&#xE27;&#xE01;&#xE31;&#xE1A;&#xE2A;&#xE34;&#xE17;&#xE18;&#xE34;&#xE43;&#xE19;&#xE17;&#xE35;&#xE48;&#xE14;&#xE34;&#xE19;&#xE43;&#xE19;&#xE1B;&#xE23;&#xE30;&#xE40;&#xE17;&#xE28;&#xE44;&#xE17;&#xE22; -- &#xE1A;&#xE17;&#xE17;&#xE35;&#xE48; 4 &#xE1A;&#xE17;&#xE27;&#xE34;&#xE40;&#xE04;&#xE23;&#xE32;&#xE30;&#xE2B;&#xE4C;&#xE1B;&#xE31;&#xE0D;&#xE2B;&#xE32;&#xE40;&#xE02;&#xE15;&#xE2D;&#xE33;&#xE19;&#xE32;&#xE08;&#xE28;&#xE32;&#xE25;&#xE43;&#xE19;&#xE04;&#xE14;&#xE35;&#xE1E;&#xE34;&#xE1E;&#xE32;&#xE17; &#xE40;&#xE01;&#xE35;&#xE48;&#xE22;&#xE27;&#xE01;&#xE31;&#xE1A;&#xE01;&#xE32;&#xE23;&#xE43;&#xE0A;&#xE49;&#xE2D;&#xE33;&#xE32;&#xE19;&#xE32;&#xE08; &#xE2B;&#xE23;&#xE37;&#xE2D;&#xE01;&#xE32;&#xE23;&#xE14;&#xE33;&#xE40;&#xE19;&#xE34;&#xE19;&#xE01;&#xE32;&#xE23;&#xE17;&#xE32;&#xE07;&#xE1B;&#xE01;&#xE04;&#xE23;&#xE2D;&#xE07;&#xE43;&#xE19;&#xE40;&#xE23;&#xE37;&#xE48;&#xE2D;&#xE07;&#xE2A;&#xE34;&#xE17;&#xE18;&#xE34;&#xE43;&#xE19;&#xE17;&#xE35;&#xE48;&#xE14;&#xE34;&#xE19; -- &#xE1A;&#xE17;&#xE17;&#xE35;&#xE48; 5 &#xE1A;&#xE17;&#xE2A;&#xE23;&#xE38;&#xE1B; &#xE41;&#xE25;&#xE30;&#xE02;&#xE49;&#xE2D;&#xE40;&#xE2A;&#xE19;&#xE2D;&#xE41;&#xE19;&#xE30;.</subfield>
  </datafield>
  <datafield tag="650" ind1=" " ind2="4">
    <subfield code="9">27892</subfield>
    <subfield code="a">&#xE01;&#xE32;&#xE23;&#xE23;&#xE30;&#xE07;&#xE31;&#xE1A;&#xE02;&#xE49;&#xE2D;&#xE1E;&#xE34;&#xE1E;&#xE32;&#xE17;</subfield>
    <subfield code="x">&#xE27;&#xE34;&#xE08;&#xE31;&#xE22;</subfield>
  </datafield>
  <datafield tag="650" ind1=" " ind2="4">
    <subfield code="9">40473</subfield>
    <subfield code="a">&#xE40;&#xE02;&#xE15;&#xE2D;&#xE33;&#xE19;&#xE32;&#xE08;&#xE28;&#xE32;&#xE25;</subfield>
    <subfield code="z">&#xE44;&#xE17;&#xE22;</subfield>
  </datafield>
  <datafield tag="650" ind1=" " ind2="4">
    <subfield code="9">30994</subfield>
    <subfield code="a">&#xE17;&#xE35;&#xE48;&#xE14;&#xE34;&#xE19;&#xE02;&#xE2D;&#xE07;&#xE23;&#xE31;&#xE10;</subfield>
  </datafield>
  <datafield tag="650" ind1=" " ind2="4">
    <subfield code="9">23667</subfield>
    <subfield code="a">&#xE01;&#xE32;&#xE23;&#xE16;&#xE37;&#xE2D;&#xE04;&#xE23;&#xE2D;&#xE07;&#xE17;&#xE35;&#xE48;&#xE14;&#xE34;&#xE19;</subfield>
  </datafield>
  <datafield tag="700" ind1="0" ind2=" ">
    <subfield code="9">63129</subfield>
    <subfield code="a">&#xE2A;&#xE21;&#xE40;&#xE01;&#xE35;&#xE22;&#xE23;&#xE15;&#xE34; &#xE27;&#xE23;&#xE1B;&#xE31;&#xE0D;&#xE0D;&#xE32;&#xE2D;&#xE19;&#xE31;&#xE19;&#xE15;&#xE4C;</subfield>
  </datafield>
  <datafield tag="710" ind1="2" ind2=" ">
    <subfield code="9">27862</subfield>
    <subfield code="a">&#xE21;&#xE2B;&#xE32;&#xE27;&#xE34;&#xE17;&#xE22;&#xE32;&#xE25;&#xE31;&#xE22;&#xE18;&#xE23;&#xE23;&#xE21;&#xE28;&#xE32;&#xE2A;&#xE15;&#xE23;&#xE4C;. </subfield>
    <subfield code="b">&#xE04;&#xE13;&#xE30;&#xE19;&#xE34;&#xE15;&#xE34;&#xE28;&#xE32;&#xE2A;&#xE15;&#xE23;&#xE4C;</subfield>
  </datafield>
  <datafield tag="850" ind1=" " ind2=" ">
    <subfield code="a">NALT</subfield>
  </datafield>
  <datafield tag="942" ind1=" " ind2=" ">
    <subfield code="2">local</subfield>
    <subfield code="c">RSH</subfield>
  </datafield>
  <datafield tag="996" ind1=" " ind2=" ">
    <subfield code="a">kornsiririn.r</subfield>
    <subfield code="b">CATSTF	</subfield>
    <subfield code="c">2024-02-24</subfield>
  </datafield>
  <datafield tag="999" ind1=" " ind2=" ">
    <subfield code="c">104712</subfield>
    <subfield code="d">104712</subfield>
  </datafield>
  <datafield tag="998" ind1=" " ind2=" ">
    <subfield code="j">3099</subfield>
    <subfield code="k"> &#xE1E;&#xE23;&#xE27;&#xE34;&#xE17;&#xE39;  &#xE42;&#xE04;&#xE49;&#xE27;&#xE04;&#xE0A;&#xE32;&#xE20;&#xE23;&#xE13;&#xE4C;</subfield>
  </datafield>
  <datafield tag="952" ind1=" " ind2=" ">
    <subfield code="0">0</subfield>
    <subfield code="1">0</subfield>
    <subfield code="2">local</subfield>
    <subfield code="4">0</subfield>
    <subfield code="7">0</subfield>
    <subfield code="8">CSEN</subfield>
    <subfield code="a">NALT</subfield>
    <subfield code="b">NALT</subfield>
    <subfield code="c">RSH</subfield>
    <subfield code="d">2024-02-24</subfield>
    <subfield code="l">0</subfield>
    <subfield code="o">&#xE27; KO 24 &#xE01;675&#xE1B; 2562</subfield>
    <subfield code="p">0100011216001</subfield>
    <subfield code="r">2024-06-28 00:00:00</subfield>
    <subfield code="w">2024-02-24</subfield>
    <subfield code="y">RSH</subfield>
  </datafield>
</record>
